Effect of pencilling and furnace oil treatment on strength properties of Jarrah

Bibliographic Details
Main Author: SIAMOS
Corporate Author: Wood Utilisation Research Centre (W. A.)
Other Authors: Siemon
Format: Book
Published: (Perth, W. A.) : Wood Utilisation Research Centre; Department of Conservation and Land Management , 1989
Series:Wood Utilisation Research Centre report; n. 10
Subjects:

MARC

LEADER 00000cam a2200000 7i4500
001 0000002214
005 20030328.0
090 0 0 |a 338.17498   |b SIA 1989 
100 1 0 |a SIAMOS   |h L. 
245 1 0 |a Effect of pencilling and furnace oil treatment on strength properties of Jarrah   |c L. Siamos and G. R. Siemon 
260 0 0 |a (Perth, W. A.) :   |b Wood Utilisation Research Centre; Department of Conservation and Land Management ,   |c 1989 
300 |a v, 8 p. ;   |c 30 cm. 
440 0 0 |a Wood Utilisation Research Centre report; n. 10 
500 0 0 |a Bibliography : p. 8 
650 0 0 |a Jarrah 
700 0 1 |a Siemon   |h G. R. 
710 1 1 |a Wood Utilisation Research Centre (W. A.) 
998 |a JPSM 
999 |a 0000003861   |b Monograph   |c Open Shelf   |e Default branch